Parecer prévio sobre as contas do governo do Estado de Mato Grosso : (Record no. 1519)

MARC details
000 -LÍDER
Campo Fixo de Controle 00817nam a2200229 a 4500
001 - NÚMERO DE CONTROLE
Campo de Controle 1519
003 - IDENTIFICAÇÃO DO NÚMERO DE CONTROLE
Campo de Controle BR-CuiBMT
005 - DATA E HORA DA ÚLTIMA ATUALIZAÇÃO
Campo de Controle 20231213225026.0
008 - DADOS FIXOS
Dados Fixos 231209s2006 mtba 000 0 por d
020 ## - INTERNATIONAL STANDARD BOOK NUMBER
Nº do ISBN 8598587028
040 ## - AGÊNCIA CATALOGADORA
Código da Agência Catalogadora BR-CuiBMT
Agência que transcreveu o registro BR-CuiBMT
080 ## - Nº DA CLASSIFICAÇÃO DECIMAL UNIVERSAL
Nº Class. CDU 35.073.52
Subd. Auxiliar Comum (817.2)
-- (047)
Nº edição CDU 2007
090 ## - NÚMERO DE CHAMADA
Nº classificação 35.073.52(817.2)(047)
Cutter M433p
110 1# - ENTRADA PRINCIPAL -- ENTIDADE
Nome da entidade ou lugar Mato Grosso.
Unidade subordinada Tribunal de Contas.
245 10 - TÍTULO PRINCIPAL
Título principal Parecer prévio sobre as contas do governo do Estado de Mato Grosso :
Subtítulo 2005 /
Indicação de responsabilidade Tribunal de Contas de Mato Grosso.
260 ## - PUBLICAÇÃO, DISTRIBUIÇÃO, ETC.
Local de publicação Cuiabá :
Editora TCE-MT,
Data 2005.
300 ## - DESCRIÇÃO FÍSICA
N. páginas ou volumes 107 p. :
Ilustrações il. ;
Dimensões 30 cm
650 ## - ASSUNTO TÓPICO
Cabeçalho tópico ou nome geográfico Administração pública
Subdivisão geral Prestação de contas
Subdivisão geográfica Mato Grosso
650 ## - ASSUNTO TÓPICO
Cabeçalho tópico ou nome geográfico Tribunal de contas
Subdivisão geográfica Mato Grosso
Subdivisão de forma Relatório e parecer
650 ## - ASSUNTO TÓPICO
Cabeçalho tópico ou nome geográfico Administração pública
Subdivisão geográfica Mato Grosso
942 ## - ELEMENTOS DE ENTRADA ADICIONAIS (KOHA)
Fonte de classificação ou esquema de arquivamento Classificação Decimal Universal
Tipo de item do Koha Livros
Holdings
Estado: removido Estado: perdido Fonte de classificação ou esquema de arquivamento Estado: danificado Indisponível para empréstimo Localização permanente Localização atual Data de aquisição Total Checkouts Número de Chamada completo Código de barras Date last seen Número do exemplar Preço efetivo a partir de Tipo de item (Koha)
    Classificação Decimal Universal     Biblioteca da Escola Superior de Contas do TCE/MT Biblioteca da Escola Superior de Contas do TCE/MT 13/12/2023   35.073.52(817.2)(047) M433p BIBTCEMT23120444 13/12/2023 Ex. 1 13/12/2023 Livros
    Classificação Decimal Universal     Biblioteca da Escola Superior de Contas do TCE/MT Biblioteca da Escola Superior de Contas do TCE/MT 13/12/2023   35.073.52(817.2)(047) M433p BIBTCEMT23120445 13/12/2023 Ex. 2 13/12/2023 Livros
    Classificação Decimal Universal     Biblioteca da Escola Superior de Contas do TCE/MT Biblioteca da Escola Superior de Contas do TCE/MT 13/12/2023   35.073.52(817.2)(047) M433p BIBTCEMT23120446 13/12/2023 Ex. 3 13/12/2023 Livros

Powered by Koha